Computation of RD9B and atar9c thrust at various speeds and attitudes knowing static test data of the engine (Record no. 323659)

000 -LEADER
fixed length control field 00410 a2200133 4500
001 - CONTROL NUMBER
control field 88586
082 ## - DEWEY DECIMAL CLASSIFICATION NUMBER
Classification number PR 719
090 ## - LOCALLY ASSIGNED LC-TYPE CALL NUMBER (OCLC); LOCAL CALL NUMBER (RLIN)
-- 41932
-- 41932
100 ## - MAIN ENTRY--PERSONAL NAME
Personal name Ismail Mostafaie
245 ## - TITLE STATEMENT
Title Computation of RD9B and atar9c thrust at various speeds and attitudes knowing static test data of the engine
260 ## - PUBLICATION, DISTRIBUTION, ETC.
Place of publication, distribution, etc. Karachi
Name of publisher, distributor, etc. University of Karachi
Date of publication, distribution, etc. 1977
300 ## - PHYSICAL DESCRIPTION
Extent 50p.
Accompanying material Zaidi, S.K.N
500 ## - GENERAL NOTE
General note BE Project Reports
942 ## - ADDED ENTRY ELEMENTS (KOHA)
Institution code [OBSOLETE] CAE NUST
Call number prefix PR 719
Holdings
Withdrawn status Lost status Damaged status Not for loan Collection code Permanent Location Current Location Date acquired Total Checkouts Full call number Barcode Date last seen Price effective from Koha item type
          College of Aeronautical Engineering (CAE) College of Aeronautical Engineering (CAE) 04/03/2017   PR 719 CAEPR-719 04/05/2017 04/05/2017 Book
© 2023 Central Library, National University of Sciences and Technology. All Rights Reserved.